|
|
|
|
| LEADER |
01086nam a22002777a 4500 |
| 001 |
40061 |
| 003 |
BD-DhAAL |
| 005 |
20221114125959.0 |
| 008 |
221114t19901987waua|||| b||| 001 0 eng d |
| 999 |
|
|
|c 45036
|d 45036
|
| 020 |
|
|
|a 0801838738
|
| 040 |
|
|
|a BD-DhAAL
|
| 082 |
|
|
|a 338.9009172/4
|
| 100 |
|
|
|a Israel, Arturo.
|9 52330
|
| 245 |
|
|
|a Institutional development :
|b incentives to performance /
|c Arturo Israel.
|
| 260 |
|
|
|a Baltimore :
|b Johns Hopkins University Press,
|c 1990
|
| 300 |
|
|
|a x, 214 pages :
|b illustrations ;
|c 24 cm.
|
| 504 |
|
|
|a Includes bibliographies and index.
|
| 541 |
|
|
|a Donated By Akbar Ali Khan
|e 40061
|
| 650 |
|
|
|a Economic development projects
|z Developing countries.
|9 52331
|
| 650 |
|
|
|a Economic policy.
|9 52336
|
| 650 |
|
|
|a Economics.
|9 52337
|
| 710 |
|
|
|a World Bank.
|9 52332
|
| 852 |
|
|
|a Ayesha Abed Library
|c Akbar Ali Khan Collection
|
| 942 |
|
|
|2 ddc
|c BK
|
| 952 |
|
|
|0 0
|1 0
|2 ddc
|4 0
|6 338_900917240000000_ISR
|7 1
|9 72337
|a BRACUL
|b BRACUL
|c CS1
|d 2022-11-14
|e Donated by Akbar Ali Khan
|g 3.00
|l 0
|o 338.90091724 ISR
|p 3010040061
|r 2022-11-14
|t 1
|w 2022-11-14
|y BK
|x $32.00
|